Microeconomics (Record no. 1385180)

MARC details
000 -LEADER
fixed length control field 00581nam a2200217Ia 4500
005 - DATE AND TIME OF LATEST TRANSACTION
control field 20250508163755.0
008 - FIXED-LENGTH DATA ELEMENTS--GENERAL INFORMATION
fixed length control field 008 250505s9999 xx 000 0 eng d
020 ## - INTERNATIONAL STANDARD BOOK NUMBER
International Standard Book Number 0395-48277-1
037 ## - SOURCE OF ACQUISITION
Stock number Textual
040 ## - CATALOGING SOURCE
Original cataloging agency FEDL
Language of cataloging eng
Transcribing agency FEDL
041 ## - LANGUAGE CODE
Language code of text/sound track or separate title eng
Source of code eng
084 ## - COLON CLASSIFICATION NUMBER
Classification number 338.5, BOY
Assigning agency FEDL
100 ## - MAIN ENTRY--PERSONAL NAME
Personal name Boyes William
245 #0 - TITLE STATEMENT
Title Microeconomics
260 ## - PUBLICATION, DISTRIBUTION, ETC.
Place of publication, distribution, etc. Boston, USA
Name of publisher, distributor, etc. Houghton Mifflin Company
Date of publication, distribution, etc. 1991
300 ## - PHYSICAL DESCRIPTION
Extent xxxi,673p.
365 ## - TRADE PRICE
Price type code GBP
Price amount 13.95
700 ## - ADDED ENTRY--PERSONAL NAME
Personal name Melvin Michael
9 (RLIN) 776298
942 ## - ADDED ENTRY ELEMENTS (KOHA)
Koha item type Textual
Classification part 338.5, BOY
Holdings
Withdrawn status Lost status Damaged status Not for loan Home library Current library Date acquired Cost, normal purchase price Total Checkouts Full call number Barcode Date last seen Date last checked out Price effective from Koha item type
        Department of Education Library Department of Education Library 2025-05-08 13.95 1 338.5, BOY EL0078731 2026-04-09 2026-04-01 2025-05-08 Textual
Copyright @ Delhi University Library System